Normal view
MARC view
- Majeed, Nausheen
Entry Personal Name
001 - CONTROL NUMBER
- control field: 35383
003 - CONTROL NUMBER IDENTIFIER
- control field: NUST
005 - DATE AND TIME OF LATEST TRANSACTION
- control field: 20201118140901.0
008 - FIXED-LENGTH DATA ELEMENTS
- fixed length control field: 201118|| aca||aabn | a|a d
040 ## - CATALOGING SOURCE
- Original cataloging agency: NUST
- Transcribing agency: NUST
100 ## - HEADING--PERSONAL NAME
- Personal name: Majeed, Nausheen
670 ## - SOURCE DATA FOUND
- Source citation: Work cat.: (NUST): Majeed, Nausheen, Adaptive Traffic Signal Control for Optimal Traffic Flow in Urban Areas of Pakistan /, 2012.
